000
00310nam a22001457a 4500
008
230524b ||||| |||| 00| 0 eng d
020
_a
19618917
041
_a
FRA
080
_a
82
082
_a
82LEB
100
_a
38
101
_a
GJL
245
_a
LA COMTESSE DE CAGLIOSTRO
_c
LEBLANC.M
942
_2
udc
_c
BK
999
_c
59809
_d
59809